Tiere mit K - Statistiken

Allgemein
  • Dieses Quiz wurde 100 mal gespielt
    51 seit der letzten Aktualisierung
  • Das Durchschnittsergebnis liegt bei 14 aus 29
Antwortstatistiken
Hint Antwort % Korrekt
Säugetier Katze
85%
Reptil Krokodil
83%
Säugetier Kamel
78%
Säugetier Känguru
78%
Fisch Karpfen
78%
Insekt/Spinnentier Käfer
71%
Säugetier Koala
66%
Säugetier Kuh
63%
Vogel Krähe
59%
Amphibie Kröte
59%
Reptil Kobra
54%
Vogel Kranich
54%
Vogel Kakadu
51%
Fisch Kabeljau
49%
Säugetier Kaninchen
49%
Sonstiges Krake
49%
Fisch Kugelfisch
49%
Sonstiges Krebs
46%
Vogel Kuckuck
46%
Vogel Kiwi
44%
Reptil Komodowaran
44%
Insekt/Spinnetier Kakerlake
41%
Vogel Kiebitz
29%
Säugetier Kegelrobbe
27%
Vogel Kleiber
22%
Insekt/Spinnentier Kreuzspinne
22%
Säugetier Kojote
17%
Vogel Königspinguin
12%
Reptil Königspython
12%
Keine übereinstimmenden Quizze gefunden
Verteilung der Resultate
Anzahl Personen mit jedem Resultat
Perzentil nach korrekt beantworteten Fragen
Ihre Resultats-Entwicklung
Sie haben dieses Quiz seit der letzten Aktualisierung nicht gespielt